000 00501nam a2200205Ia 4500
001 15061
003 GE_BSU
008 181216s||||||||xx |||||||||||||| ||und||
040 _cGE_BSU
080 _a512+512.54+512.64
100 _aВарден,Ван дер Б.Л.
245 _aАлгебра
245 _cПод.ред.Ю.И.Мерзлякова
260 _aМосква
260 _bНаука
260 _c1976
300 _a648стр.22см.
653 _aАлгебра
942 _cBK
999 _c48179
_d48179